000
00279nam a22001337a 4500
008
180814b xxu||||| |||| 00| 0 eng d
020
_a
9780133502817
041
_a
eng
080
_a
541
100
_a
12
101
_a
KIM
245
_a
CHEMISTRY
_c
MCMURRY.J
942
_2
udc
_c
BK
999
_c
47132
_d
47132